| 000 | 00912nam a2200205Ia 4500 | ||
|---|---|---|---|
| 003 | OSt | ||
| 005 | 20201015130510.0 | ||
| 008 | 191128s2008 ck ad gr 000 0 spa d | ||
| 040 |
_aCO-JMCR _cCO-JMCR |
||
| 041 | 0 | _aspa | |
| 082 | 0 | 4 |
_a658.40 / _bS232c _223 |
| 100 | 1 |
_aSantamaría Daza, Ricardo, _eautor _911566 |
|
| 245 | 0 |
_a25 casos empresariales : _b2007 / _cRicardo Santamaría Daza |
|
| 260 |
_aBogotá : _bEl globo, _c2008. |
||
| 300 |
_a204 páginas : _bilustraciones, gráficos a blanco y negro _c21 cm. |
||
| 505 | 0 | _aEcopetrol: oro negro marca historia en la BVC -- Casino: plena confianza para invertir -- Ceet: reacomodo en los medios de comunicación -- Porpal: alistándose para el nuevo siglo -- Gran Estación: modelo de reinserción laboral | |
| 650 | 2 | 4 |
_aAdministración de empresas _y2007 _zColombia _911567 |
| 650 | 2 | 4 |
_aEstudio de casos _xEmpresas _y2007 _zColombia _911576 |
| 942 |
_2ddc _cBK |
||
| 999 |
_c6343 _d6343 |
||